000 00263nam a2200097Ia 4500
008 220204s9999 xx 000 0 und d
082 _a330.342000
_bHUM
245 0 _aHuman development report 2000
260 _aNew Delhii
_bOxford University Press
_c2000
942 _cBK
999 _c41836
_d41836